000 00835nam a22002417a 4500
999 _c619
_d619
003 AR-CdUCM
008 190225b ||||| |||| 00| 0 spa d
020 _a9681616324
040 _aMUNICIPALIDAD PROVINCIAL DEL CUSCO
_cBIBLIOTECA MUNICIPAL DEL CUSCO
082 _21ra ed.
_a870 /
_bV39
100 _aMendoza T. Vicente
_92416
245 _aLirica Infantil de Mexico /
_cMendoza T. Vicente
260 _aMéxico :
_bFondo de Cultura Economica ,
_c1980.
300 _a214 paginas.
_c21 cm.
440 _aLecturas Mexicanas.
_n26
_92417
505 _aPedagogia Infantil Mexicana -- Musica Infantil Mexicana...
650 _aLirica Infantil Mexicana
_92418
650 _aMusica Mexicana Infantil
_92419
650 _aPedagogia Infantil.
_92420
700 _aMendoza T. Vicente
_92416
942 _2ddc
_cLIBROS
945 _artm
_d2019-02-25